ECLA on the depression
Tallennettuna:
| Päätekijä: | |
|---|---|
| Aineistotyyppi: | Teksti |
| Julkaistu: |
Londres:
Latin America in the Depression
|
| Tagit: |
Lisää tagi
Ei tageja, Lisää ensimmäinen tagi!
|
MARC
| LEADER | 00000 a a2200000 04500 | ||
|---|---|---|---|
| 001 | 23626 | ||
| 003 | |||
| 040 | |||
| 090 | |a 163800 | ||
| 100 | |a Fitzgerald, E. Valpy K. | ||
| 245 | |a ECLA on the depression | ||
| 260 | |a Londres: |b Latin America in the Depression | ||
| 300 | |a 19 p | ||
| 999 | |c 8193 |d 8193 | ||
